Doors, entrances and beyond... : various aspects of entrances and doors of the tombs in the Memphite Necropoleis during the Old Kingdom /
Doors are more than a physical means to close off an entrance or an exit; they can also indicate a boundary between two worlds. This volume considers the Memphite Necropoleis during the Old Kingdom, and proposes that porticos, false doors, niches and mastaba chapel entrances are interconnected in th...
المؤلف الرئيسي:
التنسيق: كتاب الكتروني
اللغة: English
منشور في:
Oxford :
Archaeopress Publishing Ltd,
[2021]
سلاسل:
Archaeopress Egyptology ;
33.
الموضوعات:
الوصول للمادة أونلاين: Login to view Source
الوسوم: إضافة وسم
رقم الطلب: DT73.M5
| LEADER | 02066nam a2200433 i 4500 | ||
|---|---|---|---|
| 001 | EDZ0002431786 | ||
| 003 | StDuBDS | ||
| 005 | 20230412183023.0 | ||
| 006 | m|||||o||d|||||||| | ||
| 007 | cr ||||||||||| | ||
| 008 | 210227t20212021enka fob 001|0|eng|d | ||
| 020 | |a 9781789698725 (PDF ebook) : |c No price | ||
| 040 | |a StDuBDS |b eng |c StDuBDS |e rda |e pn | ||
| 050 | 4 | |a DT73.M5 | |
| 082 | 0 | 4 | |a 932.2 |2 23 |
| 100 | 1 | |a Roeten, Leo, |e author. | |
| 245 | 1 | 0 | |a Doors, entrances and beyond... : |b various aspects of entrances and doors of the tombs in the Memphite Necropoleis during the Old Kingdom / |c Leo Roeten. |
| 264 | 1 | |a Oxford : |b Archaeopress Publishing Ltd, |c [2021] | |
| 264 | 4 | |c ©2021 | |
| 300 | |a 1 online resource (202 pages) : |b illustrations (black and white). | ||
| 336 | |a text |2 rdacontent | ||
| 336 | |a still image |2 rdacontent | ||
| 337 | |a computer |2 rdamedia | ||
| 338 | |a online resource |2 rdacarrier | ||
| 490 | 1 | |a Archaeopress Egyptology ; |v 33 | |
| 500 | |a Also issued in print: 2021. | ||
| 504 | |a Includes bibliographical references and index. | ||
| 520 | 8 | |a Doors are more than a physical means to close off an entrance or an exit; they can also indicate a boundary between two worlds. This volume considers the Memphite Necropoleis during the Old Kingdom, and proposes that porticos, false doors, niches and mastaba chapel entrances are interconnected in their function as a barrier between two worlds. | |
| 521 | |a Specialized. | ||
| 588 | |a Description based on online resource; title from PDF title page (viewed on March 1, 2021). | ||
| 651 | 0 | |a Memphis (Extinct city) | |
| 650 | 0 | |a Tombs |z Egypt |z Memphis (Extinct city) | |
| 651 | 0 | |a Egypt |x History |y Old Kingdom, ca. 2686-ca. 2181 B.C. | |
| 776 | 0 | 8 | |i Print version : |z 9781789698718 |
| 830 | 0 | |a Archaeopress Egyptology ; |v 33. | |
| 856 | 4 | 0 | |3 Archaeopress |u http://library.arce.org:8087/Archaeopress/Products/9781789698718 |
| 942 | |2 lcc |c EBOOK | ||
| 952 | |0 0 |1 0 |4 0 |6 DT0073 M5 |7 1 |9 46803 |a ARCH |b ARCH |d 2023-04-12 |l 0 |o DT73.M5 |r 2023-04-12 00:00:00 |w 2023-04-12 |y EBOOK | ||
| 999 | |c 52461 |d 52461 | ||
